• 首页
  • 本馆介绍
  • 公告通知
  • 最新文献
  • 馆藏检索
  • 电子资源
  • 读者导购
  • 参考咨询
  • 我的图书馆
  • 登录
  • 详细信息显示
  • 放入我的书架
  • 预约/预借图书
  • 作者相关作品
  • 分类相关作品
  • 丛书相关作品
  • 出版社相关作品

书目信息

  • 表格格式
  • 工作单格式
  • 卡片格式
题名:
淡妆浓抹总相宜
    
 
作者: 刘思远 编著
分册:  
出版信息: 北京   北京工业大学出版社  2013.01
页数: 384页
开本: 26cm
丛书名: 中华文明历史长卷
单 册:
中图分类: K928.3 , K928.4
科图分类:
主题词: 山--介绍--中国 , 水--介绍--中国 , 山 , 水
电子资源:
ISBN: 978-7-5639-3316-7
000 00898oam2 2200301 450
001 010010110042
005 20130504101331.96
010    @a978-7-5639-3316-7@dCNY58.80
100    @a20130128d2013 em y0chiy50 ea
101 0  @achi
102    @aCN@b110000
105    @af z 000yy
106    @ar
200 1  @a淡妆浓抹总相宜@9dan zhuang nong mo zong xiang yi@e山水卷@f刘思远编著
210    @a北京@c北京工业大学出版社@d2013.01
215    @a384页@c图版(4页)@d26cm
225 2  @a中华文明历史长卷
330    @a本书主要内容包括:中国山水文化;山水画的界说与孕育;北京市;天津市;河北省;山西省等。
461  0 @12001 @a中华文明历史长卷
606 0  @a山@x介绍@y中国
606 0  @a水@x介绍@y中国
606 0  @a山
606 0  @a水
690    @aK928.3@v5
690    @aK928.4@v5
701  0 @a刘思远@9liu si yuan@4编著
801  0 @aCN@b人天书店@c20130128
905    @b543231-35@dK928.3@e594@f5
    
    淡妆浓抹总相宜:山水卷/刘思远编著.-北京:北京工业大学出版社,2013.01
    384页:图版(4页);26cm.-(中华文明历史长卷)
    
    
    ISBN 978-7-5639-3316-7:CNY58.80
    本书主要内容包括:中国山水文化;山水画的界说与孕育;北京市;天津市;河北省;山西省等。
●
相关链接 在E读中查询图书 在五车中查询图书 在当当中查询图书 在豆瓣中查询图书


正题名:淡妆浓抹总相宜     索取号:K928.3/594         预约/预借

序号 登录号 条形码 馆藏地/架位号 状态 备注
1 543231   205432316   第二样本阅览室/ [索取号:K928.3/594] 在馆    
2 543232   205432325   密集书库-资源管理系/ [索取号:K928.3/594] 在馆    
3 543233   205432334   第二借阅区/ [索取号:K928.3/594] 在馆    
4 543234   205432343   第二借阅区/ [索取号:K928.3/594] 在馆    
5 543235   205432352   第二借阅区/ [索取号:K928.3/594] 在馆    
唐山师范学院图书馆 欢迎您!
大连网信软件有限公司© 版权所有